Porodnické a gynekologické diagnostické a léčebné hmaty a polohy : soubor rozprav při VI. pokračovacím kursu porodnicko-gynekologického oddělení prof. Dr. A. Ostrčila v Praze pro praktické lékaře /

Hlavní autor: Slámová, Božena, 1909-1998
Další autoři: Simon, F.
Jazyk: Čeština
Vydáno: V Praze : Spolek českých lékařů, 1940
Edice: Kurs porodnicko-gynekologického oddělení prof. Dr. A. Odstrčila
Fyzický popis: 59 stran : ilustrace ; 22 cm
Knihy
Uloženo v:
LEADER 01380cam a22003252i 4500
001 000274432
003 CZ BrMZK
005 20250724152046.0
007 ta
008 980105s1940 xr a fr 000 0 cze d
015 |a cnb000808605 
020 |q (Brožováno) 
035 |a (OCoLC)85643407 
040 |a ABA001  |b cze  |c LIA001  |d ABA001  |d BOA001  |e rda 
100 1 |a Slámová, Božena,  |d 1909-1998  |7 jk01111785  |4 aut 
245 1 0 |a Porodnické a gynekologické diagnostické a léčebné hmaty a polohy :  |b soubor rozprav při VI. pokračovacím kursu porodnicko-gynekologického oddělení prof. Dr. A. Ostrčila v Praze pro praktické lékaře /  |c Božena Slámová ; s 83 obrázky, zhotovenými podle našich návrhů F. Simonem 
264 1 |a V Praze :  |b Spolek českých lékařů,  |c 1940 
264 3 |b Prometheus 
300 |a 59 stran :  |b ilustrace ;  |c 22 cm 
336 |a text  |b txt  |2 rdacontent 
337 |a bez média  |b n  |2 rdamedia 
338 |a svazek  |b nc  |2 rdacarrier 
490 1 |a Kurs porodnicko-gynekologického oddělení prof. Dr. A. Odstrčila 
504 |a Obsahuje bibliografické odkazy 
700 1 |a Simon, F.  |4 ill 
830 0 |a Kurs porodnicko-gynekologického oddělení prof. Dr. A. Odstrčila 
910 |a BOA001  |b 2-0158.019,6 
990 |a BK 
991 |b 202507 
996 6 |b 2619899538  |c 2-0158.019,6  |l MZK  |r Sklad / do 24 hodin  |n 5  |w 000274432  |u 000010  |a 1  |e BOA001  |j MZK50  |s P